000 01037nam a2200289Ia 4500
001 Para_1376
003 CHAP
008 220125s1999 xx 000 0 und d
010 _a200084
040 _cCHAP
090 _aPA TESIS 1317
100 _aGijón Hernández, Adriana Rosalia
_947916
245 _aHistología e histoquímica del nopal (Opuntia spp.), con la inoculación de la cepa CAE-01 y Erwinia carotovora pv. carotovora /
_c por Adriana Rosalia Gijón Hernández
260 _aChapingo, Méx. :
_b EL autor
300 _a59 h.
502 _aTesis (M.C. en Protección Vegetal), UACh. Depto. Parasitología
650 _aErwinia carotovora
_937359
650 _aNopal
_x enfermedades
_981667
710 _aUACh. Departamento de Parasitología Agrícola UACh. Departamento de Parasitología Agrícola
_9165027
901 _aPA TESIS 1317
902 _aA
905 _a0000001999 a 0000000000 00
910 _a1999
942 _cPARA
942 _cPARA
_d1
999 _c200084
_d200084